| 000 | 01216cam a2200301 a 4500 | ||
|---|---|---|---|
| 999 |
_c24184 _d24184 |
||
| 001 | 15504746 | ||
| 003 | OSt | ||
| 005 | 20170128091944.0 | ||
| 008 | 081030s2010 njua b 001 0 eng | ||
| 010 | _a 2008047348 | ||
| 020 | _a0558368883 | ||
| 020 | _a9780558368883 | ||
| 035 | _a(OCoLC)ocn267054884 | ||
| 040 |
_aDLC _cDLC _dYDX _dYDXCP _dBTCTA _dDLC |
||
| 050 | 0 | 0 |
_aQA39.3 _b.G65 2010 |
| 082 | 0 | 0 |
_a511/.1 _222 |
| 100 | 1 | _aGoldstein, Larry Joel. | |
| 245 | 1 | 0 |
_aFinite mathematics & its applications / _cLarry J. Goldstein, David I. Schneider, Martha J. Siegel. |
| 246 | 3 | _aFinite mathematics and its applications | |
| 260 |
_aUpper Saddle River, NJ : _bPearson Prentice Hall, _cc2010. |
||
| 300 |
_axii, 617 p., [57] p. : _bill. (some col.) ; _c27 cm. |
||
| 504 | _aIncludes bibliographical references and indexes. | ||
| 650 | 0 |
_aMathematics _vTextbooks. |
|
| 700 | 1 | _aSchneider, David I. | |
| 700 | 1 | _aSiegel, Martha J. | |
| 906 |
_a7 _bcbc _corignew _d1 _eecip _f20 _gy-gencatlg |
||
| 942 |
_2lcc _cBOOKS _hQA 37.2 .G65 2010 |
||